| 000 | 00725nam a2200205Ia 4500 | ||
|---|---|---|---|
| 003 | GCL | ||
| 008 | 140319s9999 xx 000 0 ara d | ||
| 040 |
_aGCL / _cGCL |
||
| 082 | 0 | 4 |
_a001.6425 _bب ش |
| 100 | 1 | _aمجدى محمد ابوالعطا | |
| 245 | 1 | 0 |
_aشبكة الانترنت / _cمجدى محمد ابوالعطا |
| 700 | 1 | _aبهاء شاهين | |
| 260 |
_aالقاهرة : _bالعربية لعلوم الحاسب ، _c1996 |
||
| 300 |
_a237 ص ؛ _c24سم |
||
| 490 |
_aسلسلة تيسير علوم الحاسب _v0 |
||
| 650 | 0 | 4 | _aشبكات المكتبات والمعلومات |
| 650 | 0 | 4 | _aالحاسبات الالكترونية - برامج |
| 650 | 0 | 4 | _aالإنترنت |
| 942 |
_2ddc _cBK |
||
| 999 |
_c45301 _d45301 |
||